000 01539cam a2200337 a 4500
001 11988789
003 OSt
005 20211005114516.0
008 000428s2001 caua b 001 0 eng
010 _a 00033690
020 _a0534359159
040 _aDLC
_chu
_dDLC
050 0 0 _aBF713
_b.A82 2001
082 0 0 _a302
_221
100 1 _aAshford, José B.
_910155
245 1 0 _aHuman behavior in the social environment :
_ba multidimensional perspective /
_cJosé B. Ashford, Craig Winston LeCroy, Kathy L. Lortie.
250 _a2nd ed.
260 _aBelmont, CA :
_bBrooks/Cole/Thomson Learning,
_cc2001.
300 _axvi, 638 p. :
_bill. ;
_c24 cm.
504 _aIncludes bibliographical references (p. [586]-620) and indexes.
650 0 _aDevelopmental psychology
_vTextbooks.
_910156
650 0 _aSocial psychology
_vTextbooks.
_910157
700 1 _aLeCroy, Craig W.
_910158
700 1 _aLortie, Kathy L.,
_d1953-
_910159
856 4 2 _3Contributor biographical information
_uhttp://www.loc.gov/catdir/enhancements/fy1515/00033690-b.html
856 4 2 _3Publisher description
_uhttp://www.loc.gov/catdir/enhancements/fy1515/00033690-d.html
856 4 1 _3Table of contents only
_uhttp://www.loc.gov/catdir/enhancements/fy1515/00033690-t.html
906 _a7
_bcbc
_corignew
_d1
_eocip
_f20
_gy-gencatlg
942 _2ddc
_cBOOKS
_n0
999 _c9463
_d9463